<?xml version="1.0" encoding="UTF-8"?>
<record
    xmlns:xsi="http://www.w3.org/2001/XMLSchema-instance"
    xsi:schemaLocation="http://www.loc.gov/MARC21/slim http://www.loc.gov/standards/marcxml/schema/MARC21slim.xsd"
    xmlns="http://www.loc.gov/MARC21/slim">

  <leader>01255nam a22002537a 4500</leader>
  <controlfield tag="005">20170124102958.0</controlfield>
  <datafield tag="010" ind1=" " ind2=" ">
    <subfield code="a">A-920223</subfield>
  </datafield>
  <datafield tag="020" ind1=" " ind2=" ">
    <subfield code="c">25.00</subfield>
    <subfield code="a">8126003103</subfield>
  </datafield>
  <datafield tag="035" ind1=" " ind2=" ">
    <subfield code="a">A-920223</subfield>
  </datafield>
  <datafield tag="037" ind1=" " ind2=" ">
    <subfield code="b">Cen Lib/Ret</subfield>
  </datafield>
  <datafield tag="040" ind1=" " ind2=" ">
    <subfield code="a">DPL</subfield>
    <subfield code="b">HN</subfield>
  </datafield>
  <datafield tag="082" ind1=" " ind2=" ">
    <subfield code="a">821.08</subfield>
    <subfield code="b">&#x936;&#x94D;&#x930;&#x94B;&#x924;&#x94D;&#x930;&#x93F;&#x92F;</subfield>
  </datafield>
  <datafield tag="100" ind1=" " ind2=" ">
    <subfield code="a">&#x936;&#x94D;&#x930;&#x94B;&#x924;&#x94D;&#x930;&#x93F;&#x92F;, &#x92A;&#x94D;&#x930;&#x92D;&#x93E;&#x915;&#x930; </subfield>
    <subfield code="9">42542</subfield>
  </datafield>
  <datafield tag="245" ind1=" " ind2=" ">
    <subfield code="a">&#x92D;&#x93E;&#x930;&#x924;&#x940;&#x92F; &#x938;&#x93E;&#x939;&#x93F;&#x924;&#x94D;&#x92F; &#x915;&#x947; &#x928;&#x93F;&#x930;&#x94D;&#x92E;&#x93E;&#x924;&#x93E; : </subfield>
    <subfield code="c">&#x92A;&#x94D;&#x930;&#x92D;&#x93E;&#x915;&#x930; &#x936;&#x94D;&#x930;&#x94B;&#x924;&#x94D;&#x930;&#x93F;&#x92F;</subfield>
    <subfield code="b">&#x936;&#x92E;&#x936;&#x947;&#x930; &#x92C;&#x939;&#x93E;&#x926;&#x941;&#x930; &#x938;&#x93F;&#x902;&#x939; /</subfield>
  </datafield>
  <datafield tag="246" ind1=" " ind2=" ">
    <subfield code="a">Bhartiye sahitye ke nirmata : Shamsher Bahadur Singh /</subfield>
    <subfield code="b">by Prabhakar Shrotriye </subfield>
  </datafield>
  <datafield tag="260" ind1=" " ind2=" ">
    <subfield code="a">&#x928;&#x908; &#x926;&#x93F;&#x932;&#x94D;&#x932;&#x940; </subfield>
    <subfield code="b">&#x938;&#x93E;&#x939;&#x93F;&#x924;&#x94D;&#x92F; &#x905;&#x915;&#x93E;&#x926;&#x92E;&#x940;</subfield>
    <subfield code="c">1997</subfield>
  </datafield>
  <datafield tag="270" ind1=" " ind2=" ">
    <subfield code="b">&#x928;&#x908; &#x926;&#x93F;&#x932;&#x94D;&#x932;&#x940; </subfield>
    <subfield code="a">&#x930;&#x935;&#x940;&#x928;&#x94D;&#x926;&#x94D;&#x930; &#x92D;&#x935;&#x928;, 35, &#x92B;&#x93F;&#x930;&#x94B;&#x91C;&#x93C;&#x936;&#x93E;&#x939; &#x92E;&#x93E;&#x930;&#x94D;&#x917; </subfield>
    <subfield code="e">110001</subfield>
  </datafield>
  <datafield tag="300" ind1=" " ind2=" ">
    <subfield code="a">116&#x92A;&#x943;. </subfield>
    <subfield code="c">21&#x938;&#x947;&#x92E;&#x940; (&#x938;&#x91C;&#x93F;&#x932;&#x94D;&#x926;)</subfield>
  </datafield>
  <datafield tag="650" ind1=" " ind2=" ">
    <subfield code="a">&#x939;&#x93F;&#x928;&#x94D;&#x926;&#x940; -- &#x938;&#x93E;&#x939;&#x93F;&#x924;&#x94D;&#x92F; </subfield>
    <subfield code="9">53737</subfield>
  </datafield>
  <datafield tag="650" ind1=" " ind2=" ">
    <subfield code="a">&#x939;&#x93F;&#x928;&#x94D;&#x926;&#x940; -- &#x936;&#x92E;&#x936;&#x947;&#x930; &#x915;&#x93E; &#x917;&#x926;&#x94D;&#x92F; </subfield>
    <subfield code="9">51888</subfield>
  </datafield>
  <datafield tag="650" ind1=" " ind2=" ">
    <subfield code="a">Hindi -- Literature</subfield>
    <subfield code="9">53738</subfield>
  </datafield>
  <datafield tag="650" ind1=" " ind2=" ">
    <subfield code="a">Hindi - Shamsher's prose</subfield>
    <subfield code="9">53739</subfield>
  </datafield>
  <datafield tag="942" ind1=" " ind2=" ">
    <subfield code="2">ddc</subfield>
    <subfield code="c">HN</subfield>
    <subfield code="h">821.08</subfield>
    <subfield code="m">&#x936;&#x94D;&#x930;&#x94B;&#x924;&#x94D;&#x930;&#x93F;&#x92F;</subfield>
  </datafield>
  <datafield tag="999" ind1=" " ind2=" ">
    <subfield code="c">113761</subfield>
    <subfield code="d">113761</subfield>
  </datafield>
  <datafield tag="952" ind1=" " ind2=" ">
    <subfield code="0">0</subfield>
    <subfield code="1">0</subfield>
    <subfield code="4">0</subfield>
    <subfield code="7">0</subfield>
    <subfield code="a">L</subfield>
    <subfield code="b">L</subfield>
    <subfield code="d">2015-08-13</subfield>
    <subfield code="e">Cen Lib/Ret</subfield>
    <subfield code="g">25.00</subfield>
    <subfield code="l">2</subfield>
    <subfield code="m">2</subfield>
    <subfield code="o">821.08 &#x936;&#x94D;&#x930;&#x94B;&#x924;&#x94D;&#x930;&#x93F;&#x92F;</subfield>
    <subfield code="p">A-920223</subfield>
    <subfield code="r">2022-12-23 00:00:00</subfield>
    <subfield code="s">2022-11-28</subfield>
    <subfield code="t">1</subfield>
    <subfield code="v">25.00</subfield>
    <subfield code="w">2015-08-13</subfield>
    <subfield code="y">HN</subfield>
  </datafield>
</record>
